| 000 | 00483nam a2200169 a 4500 | ||
|---|---|---|---|
| 005 | 20140412111330.0 | ||
| 008 | 030110s19uu xx 00 eng d | ||
| 020 | _a1-56261-169-0 | ||
| 050 |
_aM 597.8 _bL68 1991 |
||
| 100 | _aLovett, Sarah | ||
| 245 |
_aExtremely weird frogs / _ctext by Sarah Lovett. |
||
| 260 |
_aSanta Fe, New Mexico : _bJohn Muir Publications, _c1991. |
||
| 300 | _a47 p. ; ill. | ||
| 650 | _aFrogs--Juvenile literature | ||
| 650 | _aFrogs | ||
| 999 |
_c104859 _d104859 |
||